700 preguntas y respuestas en enfermería comunitaria

Guardat en:
Dades bibliogràfiques
Autor principal: Girbau García, María Rosa (Autor)
Format: Llibre
Idioma:espanyol
Publicat: Barcelona Masson 2000
Edició:1a. ed
Col·lecció:PyR en Enfermería
Matèries:
Etiquetes: Afegir etiqueta
Sense etiquetes, Sigues el primer a etiquetar aquest registre!

MARC

LEADER 00000cam a2200000 a 4500
001 UCD3466
003 CL-VaPUC
008 160609e20000000sp |||||||||||||||||spa|d
020 |a 8445810189 
082 0 4 |a 610.7343  |b GIR  |2 21 
100 0 |a Girbau García, María Rosa  |e author  |9 586964 
245 1 0 |a 700 preguntas y respuestas en enfermería comunitaria 
250 |a 1a. ed 
300 |a 205 p 
942 |c BK 
945 |d 20160609 22:21:00  |a cmena 
260 |a Barcelona  |b Masson  |c 2000 
650 7 |a ENFERMERIA  |2 CL-VaPUC  |9 358289 
650 0 |a Salud pública  |9 258913 
650 0 |a Bioestadística  |9 261187 
650 7 |a EDUCACION SANITARIA  |2 CL-VaPUC  |9 339099 
650 0 |a Epidemiología   |9 271159 
583 |a last modification  |c 20160609 22:21:00  |k Rodrigo Vera 
490 0 |a PyR en Enfermería 
999 |c 364502  |d 364500